Greatest Golf Champions by Men's Majors - Statistics

General Stats
  • This quiz has been taken 268 times
    267 since last reset
  • The average score is 15 of 29
Answer Stats
Titles Name Winning span % Correct
15 Tiger Woods 1997-2019
99%
18 Jack Nicklaus 1962-1986
94%
6 Phil Mickelson 2004-2021
84%
7 Arnold Palmer 1958-1964
80%
Rory McIlroy 2011-2014
79%
9 Gary Player 1959-1978
78%
Brooks Koepka 2017-2023
73%
8 Tom Watson 1975-1983
72%
Ben Hogan 1946-1953
68%
Nick Faldo 1987-1996
68%
5 Seve Ballesteros 1979-1988
57%
Sam Snead 1942-1954
56%
Ernie Els 1994-2012
55%
Bobby Jones 1923-1930
47%
Lee Trevino 1968-1984
47%
11 Walter Hagen 1914-1929
42%
Gene Sarazen 1922-1935
41%
Tom Morris Junior 1868-1872
39%
Tom Morris Senior 1861-1867
39%
Byron Nelson 1937-1945
35%
Peter Thomson 1954-1965
34%
Harry Vardon 1896-1914
28%
4 Raymond Floyd 1969-1986
28%
Bobby Locke 1949-1957
26%
James Braid 1901-1910
20%
JH Taylor 1894-1913
20%
Willie Park Senior 1860-1875
19%
Willie Anderson 1901-1905
16%
Jim Barnes 1916-1925
12%
No matching quizzes found
Score Distribution
Percent of People with Each Score
Percentile by Number Answered
Your Score History
You have not taken this quiz since the last reset